Allah'ın 99 ismi (Esma-ül Hüsna) - Statistics

General Stats
  • This quiz has been taken 294 times
  • The average score is 37 of 99
Answer Stats
İsimler İpuçları % Correct
Rahim 3 Merhamet eden, bağışlayan.
95%
Rahman 2 Rahmetiyle muamele eden, esirgeyen.
95%
Allah 1 Tüm isim ve sıfatları kendinde toplayan.
84%
Kuddûs 5 Her türlü eksiklik ve ayıplardan münezzeh olan.
78%
Melik 4 Mülkün gerçek sahibi, mülk ve saltanatı devamlı olan.
76%
Selâm 6 Kullarını selâmete çıkaran.
76%
Semî 27 Her şeyi işiten.
66%
Aziz 9 Mağlup edilmesi asla mümkün olmayan.
60%
Müheymin 8 Gözeten ve koruyan.
60%
Mümin 7 Gönüllerde iman ışığı uyandıran.
60%
Mütekebbir 11 Her şeyde büyüklüğünü gösteren.
60%
Kahhâr 16 Her şeye, her istediğini yapacak surette galip ve hakim olan.
59%
Rezzâk 18 Bütün mahlukatın rızkını veren ve ihtiyacını karşılayan.
59%
Alîm 20 Her şeyi en ince noktasına kadar bilen, ilmi ebedi ve ezeli olan.
57%
Adl 30 Son derece adaletli olan.
55%
Cebbar 10 İstediğini mutlak yapan, dilediğine muktedir olan.
55%
Bârî 13 Her şeyi uygun bir tarzda ve birbirine uygun yaratan.
53%
Gaffâr 15 Kullarının günahlarını örten, günahlarını bağışlayan.
52%
Basîr 28 Her şeyi gören.
50%
Fettâh 19 Her türlü zorlukları kolaylaştıran, darlıktan kurtaran.
50%
Latîf 31 İşlerin bütün inceliklerini bilen.
50%
Musavvir 14 Her şeye bir şekil ve hususiyet verip tasvir eden.
50%
Hakîm 47 Emirleri, kelamı ve bütün işleri hikmetli olan.
48%
Vehhâb 17 Çok fazla ihsan eden.
48%
Hakem 29 Her işte hikmet ve adaletle hükmeden.
47%
Kâdir 69 Her şeye gücü yeten, her istediğini yapmaya kâdir olan.
47%
Kerîm 43 Çok ikram edici. Keremi ve mağfireti bol olan.
47%
Şekûr 36 Kendi rızası için yapılan iyi işleri, ziyadesiyle mükafatlandıran.
47%
Nûr 93 Alemleri nurlandıran.
45%
Hâlık 12 Her şeyi yoktan var eden.
43%
Halîm 33 Yumuşak davranan, hilmi çok olan.
43%
Hayy 63 Diri, tam ve mükemmel manasıyla hayat sahibi.
43%
Kayyûm 64 Gökleri, yeri ve her şeyi tutan.
43%
Malikül Mülk 84 Mülkün ebedi sahibi olan.
43%
Gafûr 35 Çok bağışlayan, magfireti çok olan.
41%
Samed 68 Sığınacak tek dayanak olan.
41%
Bâki 96 Varlığının sonu bulunmayan, ebedi olan.
38%
Celîl 42 Azamet sahibi olan, ululuk sahibi olan.
38%
Muiz 25 İzzet verip ağırlayan.
38%
Sabûr 99 Çok sabırlı olan.
38%
Tevvâb 80 Tövbeleri kabul eden.
38%
Zül Celali vel İkram 85 Her türlü büyüklüğün, her türlü keremin sahibi olan.
38%
Âhir 74 Bitişi olmayan, son olan.
36%
Bâsıt 22 Dilediğine bolluk veren, açan, genişleten.
36%
Hamîd 57 Her türlü hamd ve övgüye layık olan.
36%
Vâlî 77 Her şeyi tek başına idare eden.
36%
Bâis 50 Ölüleri diriltip kabirlerinden çıkaran.
34%
Kebîr 38 Büyüklüğünde hudut olmayan.
34%
Vâhid 67 Tek olan.
34%
Azîm 34 Pek azametli ve büyük olan.
33%
Dâr 91 Elem ve zarar verecek şeyleri yaratan, hüsrana ugratan.
33%
Evvel 73 Başlangıcı olmayan, ilk olan.
33%
Metîn 55 Çok sağlam olan.
33%
Muzil 26 Zillete düşüren, hor ve hakir eden.
33%
Bâtın 76 Gizli olan.
31%
Câmî 87 İstediğini istediği zaman istediği yerde toplayan.
31%
Hafîz 39 Yapılan işleri bütün tafsilatıyla, ayrıntılarıyla tutan.
31%
Kâbıd 21 Dilediğine darlık veren, sıkan, daraltan.
29%
Vedûd 48 İyi kullarını seven, sevilmeye ve dostluğa hakkıyla layık olan.
29%
Aliyy 37 Çok yüce. Pek yüksek olan.
28%
Hâfıd 23 Yukarıdan aşağıya indiren, alçaltan.
28%
Hakk 52 Vacib"ul vücut olan, varlığı hiç değişmeden duran.
28%
Hasîb 41 Herkesin hayatı boyunca yaptıklarının hesabını soran.
28%
Muid 60 Yaratılmışları yok ettikten sonra tekrar yaratan.
28%
Raûf 83 Pek acıyan, lütuf ve merhametle pek esirgeyen.
28%
Veliyy 56 İyi kullarına, gerçek mü’minlere dost olan.
28%
Zâhir 75 Açıkca bilinen, âşikâr olan.
28%
Ganîyy 88 Çok zengin olan.
26%
Habîr 32 Her şeyin iç yüzünden, gizli tarafından haberdar olan.
26%
Hâdî 94 Hidayete ve doğru yola erdiren.
26%
Mücîb 45 Dua edenlerin dualarını kabul eden, isteklerini veren.
26%
Müteâlî 78 Aklın mümkün gördüğü her şeyden, her hâl ve tavırdan münezzeh olan.
26%
Mecîd 49 Şanı çok büyük ve çok yüksek olan.
24%
Mübdi 59 Bütün mahlukatı maddesiz ve örneksiz olarak ilk baştan yaratan.
24%
Râfî 24 Yukarı kaldıran, yükselten.
24%
Vâris 97 Servetlerin gerçek sahibi olan.
24%
Vâsî 46 Lütfu bol olan.
24%
Berr 79 Kullarına iyilik ve ihsanı, nimetleri bol olan.
22%
Kaviyy 54 Pek kuvvetli. Pek güçlü olan.
22%
Muhyî 61 İhya eden, dirilten, can bağışlayan, sağlık veren
22%
Mümît 62 Ölümü yaratan, öldüren.
22%
Müntakim 81 Suçluları adaletiyle cezalandırıp intikam alan.
22%
Rakîb 44 Bütün varlıklar üzerine gözcü olan.
22%
Şehîd 51 Her zaman ve her yerde hazır ve nazır olan.
22%
Vâcid 65 İstediğini, istediği vakit bulan.
22%
Muhsî 58 İstisnasız her şeyin tek tek sayısını bilen.
21%
Mukît 40 Yaratılmış her şeyin azığını veren.
21%
Afüvv 82 Affı ve rahmeti çok olan, bağışlayan.
19%
Bedî 95 Örneksiz, misilsiz, hayret verici nice âlemler icad eden.
19%
Mâcid 66 Kadri büyük, keremi bol olan.
19%
Mânî 90 Bazı şeylerin meydana gelmesine müsaade etmeyen, engelleyen.
19%
Muahhir 72 İstediğini geri koyan, arkaya bırakan.
19%
Muğnî 89 İstediğini zengin eden.
19%
Muktedir 70 Kuvvet ve kudret sahipleri üzerinde dilediği gibi tasarruf eden.
17%
Nâfi 92 Hayır ve menfaat verecek şeyleri yaratan.
17%
Reşid 98 Bütün işleri ezeli takdirine uygun bir nizam ve hikmet üzere sonuna ulaştıran.Bütün işleri ezeli takdirine uygun bir nizam ve hikmet üzere sonuna ulaştıran.
17%
Vekîl 53 İşlerini kendisine bırakanların işini düzelten ve her şeyin iyisini temin eden.
17%
Muksıt 86 Bütün işleri birbirine uygun ve denk yapan.
16%
Mukaddim 71 İstediğini ileri geçirip, öne alan.
10%
No matching quizzes found
Score Distribution
Percent of People with Each Score
Percentile by Number Answered
Your Score History
You have not taken this quiz